Vista normal
Vista MARC
Entrada Personal Name
Número de registros utilizados en: 14
001 - CONTROL NUMBER
- control field: 74
003 - CONTROL NUMBER IDENTIFIER
- control field: OSt
005 - DATE AND TIME OF LATEST TRANSACTION
- control field: 20110701123818.0
008 - FIXED-LENGTH DATA ELEMENTS
- fixed length control field: 110701|||a|||||| | ||| d
040 ## - CATALOGING SOURCE
- Original cataloging agency: OSt
- Transcribing agency: OSt
100 ## - HEADING--PERSONAL NAME
- Personal name: Rouviere, H..
670 ## - SOURCE DATA FOUND
- Source citation: Work cat.: (OSt)786: Rouviere, H.., Anatomía Humana : 1, Cabeza y Cuello., 1974.